Science Quiz

Random Science or Letter Quiz
Score 0/9 Timer 01:30
3 Plays Today
Letter Element % Correct
OBoron Carbon Neon Silicon Argon Iron Krypton Xenon Radon Oganesson
95.6%
EHydrogen Nitrogen Oxygen Nickel Copper Silver Tungsten
95.5%
LCobalt Gold
81.8%
NFluorine Chlorine Zinc Bromine Antimony Iodine Astatine Tennessine
78.6%
IArsenic Tin
66.2%
ALead
51.9%
RMercury
38.3%
SManganese
33.2%
TBismuth
29.2%
Remove Ads.
Support Sporcle.
Get the best of Sporcle when you Go Orange. This ad-free experience offers more features, more stats, and more fun while also helping to support Sporcle. Thank you for becoming a member.

You're not logged in!

Compare scores with friends on all Sporcle quizzes.
OR
Log In

Show Comments

Extras

Top Quizzes Today


Score Distribution

Your Account Isn't Verified!

In order to create a playlist on Sporcle, you need to verify the email address you used during registration. Go to your Sporcle Settings to finish the process.

Report this User

Report this user for behavior that violates our Community Guidelines.

Details: